00282nam a2200121Ia 4500008004100000100001700041245002400058260003600082300000800118650001000126942000700136999001700143190216s9999||||xx |||||||||||||| ||und|| aMamtha Singh 0aHindi-Snehil Soojan bPrabhatha Shila Prakashanc2010 a150 aHindi cBK c16762d16762